Tridsiatnici investujú

Dve tretiny tridsiatnikov myslí na svoju budúcnosť. Najčastejšie si pritom vyberajú investovanie. Vďaka smartfónom a sociálnym sieťam sú veľmi dobre informovaní a prostredníctvom technológií aktívne sledujú dianie na svetových trhoch. Priemerne má slovenský tridsiatnik investované tisícky až desaťti...

Descrizione completa

Salvato in:
Dettagli Bibliografici
Natura: Capitolo di libro
Lingua:slovacco
Soggetti:
Tags: Aggiungi Tag
Nessun Tag, puoi essere il primo ad aggiungerne!!

MARC

LEADER 00000naa a2200000 4500
001 0246368
005 20180713111430.7
041 0 |a slo 
044 |a SK 
245 1 0 |a Tridsiatnici investujú 
520 |a Dve tretiny tridsiatnikov myslí na svoju budúcnosť. Najčastejšie si pritom vyberajú investovanie. Vďaka smartfónom a sociálnym sieťam sú veľmi dobre informovaní a prostredníctvom technológií aktívne sledujú dianie na svetových trhoch. Priemerne má slovenský tridsiatnik investované tisícky až desaťtisíce eur. 
610 2 0 |a dospelí 
610 2 0 |a Slovensko 
610 2 0 |a investovanie 
610 2 0 |a investície 
610 2 0 |a rezervy finančné